| 000 | 00645cam a2200205u 4500 | ||
|---|---|---|---|
| 005 | 20260205121428.0 | ||
| 008 | 830107s1962 nju 000 0 eng | ||
| 020 | _a0133350843 | ||
| 040 |
_aKABLIB _cKABLIB _erda |
||
| 082 |
_223 _a327 _bFOR |
||
| 245 | 1 | 0 |
_aForeign policy in the world politics. _cROY C. MARCRIDIS |
| 250 | _a8th ed. | ||
| 260 |
_aEnglewood Cliffs, N.J., _bPrentice-Hall, _c1992. |
||
| 300 |
_axii, 419 p. _c23 cm. |
||
| 500 | _aincludes index | ||
| 650 | 0 |
_aInternational relations. _99459 |
|
| 906 |
_a0 _bcbc _cpremunv _du _encip _f19 _gy-gencatlg |
||
| 942 |
_2ddc _cBOOK |
||
| 999 |
_c6025 _d6025 |
||